Profesionální poškození kůže v zemědělství

Bibliographic Details
Main Author: Kalenský, Jan (Author)
Format: Book
Language:Czech
PhysicalDescription:331 str.
Published: Praha Avicenum 1985
Edition:1.vyd..

MARC

LEADER 00000nam a2200000 a 4500
001 vtls008274984
003 SK-MaSNL
005 20260301164350.0
008 240318s1985 xr 000 0 cze
035 |a SVKPOKN086463 
040 |a SNK  |b slo  |c SNK  |e AACR2 
041 0 |a cze 
044 |a xr  |c CZ 
080 |a 616.5  |2 1981 
100 1 |a Kalenský, Jan  |4 aut  |9 531655 
245 1 0 |a Profesionální poškození kůže v zemědělství  |c Jan Kalenský 
250 |a 1.vyd.. 
260 |a Praha  |b Avicenum  |c 1985 
300 |a 331 str. 
958 |a OND 
999 |c 820375  |d 822305 
952 |a SNK  |b SNK  |y VYP  |7 0  |p 17A0532894  |o snkIC 99788  |i snkKIP 10737/88  |3 rekatalogizácia  |0 0  |1 0  |4 0  |d 2007-01-05  |l 0  |r 2026-02-24 03:04:28  |w 2026-02-24